| 000 | 00678nam a2200229 a 4500 | ||
|---|---|---|---|
| 005 | 20240906063745.0 | ||
| 008 | 021022s1990 mx r 000 0 spa d | ||
| 020 | _a8471123428 | ||
| 035 | _aUPN01000120336 | ||
| 049 | _aCG | ||
| 050 | 4 |
_aBF723 M3.5 _bR8.38 |
|
| 100 | 1 | _aRutter, Michael | |
| 245 | 1 | 3 |
_aLa deprivación materna / _cMichael Rutter ; tr. Guillermo Solana. |
| 260 |
_aMadrid : _bMorata, _c1990. |
||
| 300 | _a281 p. | ||
| 440 | 0 |
_aPsicología. _pLa psicología y el niño |
|
| 534 |
_pTraducción de : _tMaternal deprivation reassessed |
||
| 650 | 4 |
_aPRIVACION MATERNA _927380 |
|
| 650 | 4 |
_aDesarrollo infantil _9176 |
|
| 905 | _aLibro | ||
| 999 |
_c92674 _d92674 |
||